000 00471cam a2200205 4500
001 D13802
008 090401t1963 xxu||||| |||| 00| 0 eng d
035 _a(Sirsi) u11759
041 _aeng
100 _aRyde, Walter C
245 _aRyde on rating: the law and practice
250 _a11th
260 _bButterworth & Shaw
_c1963
300 _a1486p
350 _a0
520 _aShelf 134
700 _aWilliams, H.B et al
942 _n0
948 _c04/03/1997
999 _c86908
_d86908